| 000 -ლიდერი |
| ფიქსირებული სიგრძის საკონტროლო ველი |
02468nam a22003377a 4500 |
| 003 - საკონტროლო ნომრის იდენტიფიკატორი |
| საკონტროლო ველი |
Ge_BSU |
| 005 - ბოლო ოპერაციის თარიღი და დრო |
| საკონტროლო ველი |
20230201114946.0 |
| 008 - ფიქსირებული სიგრძის მონაცემთა ელემენტები - ზოგადი ინფორმაცია |
| ფიქსირებული სიგრძის საკონტროლო ველი |
230201s2011 ge ||||| |||| 00| 0 geo d |
| 020 ## - წიგნის საერთაშორისო სტანდარტული ნომერი |
| International Standard Book Number |
9789941030109 |
| 041 ## - ენის კოდი |
| Language code of text/sound track or separate title |
geo |
| 080 ## - უნივერსალური ათობითი კლასიფიკაციის ინდექსი |
| Universal Decimal Classification number |
341.231.14 : 342.726-056.24(479.22)+ 614.253.83(479.22) ა-26 |
| 245 ## - ცნობა სათაურის შესახებ |
| Title |
ადამიანის უფლებები ჯანმრთელობის დაცვის სფეროში - საქართველო : |
| Remainder of title |
პრაქტიკული სახელმძღვანელო იურისტებისთვის / |
| Statement of responsibility, etc |
[ავტ.: კახაბერ ასლანიშვილი, მამუკა ჯიბუტი, ალექსანდრე იმედაშვილი [და სხვ.] ; რედ. მარინა დეკანოიძე ; წინათქმა ანანდ გროვერი]. |
| 264 ## - წარმოების, გამოცემის, დისტრიბუციის და სხვა ცნობები |
| გამოცემის, წარმოების, დისტრიბუციის... ადგილი |
[თბილისი] : |
| გამოცემის, წარმოების, დისტრიბუციის... სახელწოდება |
ფონდი ღია საზოგადოება საქართველო, |
| გამოცემის, წარმოების, დისტრიბუციის... თარიღი |
[2011]. |
| 300 ## - ფიზიკური აღწერა |
| Extent |
252 გვ. : |
| Other physical details |
ცხრ. ; |
| Dimensions |
28 სმ. |
| 500 ## - ზოგადი შენიშვნა |
| General note |
ფოტო ყდაზე: რობერტ ლიზაკი |
| 501 ## - შენიშვნა თანმხლებ მასალაზე |
| With note |
ტერმინთა საძ.: გვ. 247-252. |
| 504 ## - BIBLIOGRAPHY, ETC. NOTE |
| Bibliography, etc |
ბიბლიოგრ. ტექსტ. შენიშვნ. |
| 653 ## - INDEX TERM--UNCONTROLLED |
| Uncontrolled term |
ადამიანის ძირითადი უფლებები საქართველოში |
| 653 ## - INDEX TERM--UNCONTROLLED |
| Uncontrolled term |
პაციენტის უფლებები საქართველოში |
| 653 ## - INDEX TERM--UNCONTROLLED |
| Uncontrolled term |
სამართალი |
| 700 ## - ADDED ENTRY--PERSONAL NAME |
| Personal name |
ასლანიშვილი, კახაბერ |
| Relator term |
ავტორი |
| 9 (RLIN) |
16841 |
| 700 ## - ADDED ENTRY--PERSONAL NAME |
| Personal name |
ჯიბუტი, მამუკა |
| Relator term |
ავტორი |
| 9 (RLIN) |
16842 |
| 700 ## - ADDED ENTRY--PERSONAL NAME |
| Personal name |
იმედაშვილი, ალექსანდრე |
| Relator term |
ავტორი |
| 9 (RLIN) |
16843 |
| 700 ## - ADDED ENTRY--PERSONAL NAME |
| Personal name |
ჯავაშვილი, გივი |
| Relator term |
ავტორი |
| 9 (RLIN) |
16844 |
| 700 ## - ADDED ENTRY--PERSONAL NAME |
| Personal name |
კიკნაძე, ნინო |
| Relator term |
ავტორი |
| 9 (RLIN) |
3896 |
| 700 ## - ADDED ENTRY--PERSONAL NAME |
| Personal name |
მეიშვილი, ზაზა |
| Relator term |
ავტორი |
| 9 (RLIN) |
16845 |
| 700 ## - ADDED ENTRY--PERSONAL NAME |
| Personal name |
მირზიკაშვილი, ნინო |
| Relator term |
ავტორი |
| 9 (RLIN) |
16846 |
| 700 ## - ADDED ENTRY--PERSONAL NAME |
| Personal name |
დეკანოიძე, მარინა |
| Relator term |
რედაქტორი |
| 9 (RLIN) |
16847 |
| 700 ## - ADDED ENTRY--PERSONAL NAME |
| Personal name |
გროვერი, ანანდ |
| Relator term |
წინათქმა |
| 9 (RLIN) |
16848 |
| 942 ## - ADDED ENTRY ELEMENTS (KOHA) |
| Source of classification or shelving scheme |
|
| Koha item type |
წიგნი |